Statistics for Holding Onto You-Twenty One Pilots Lyrics

Click here to take the quiz!

General Stats

  • This quiz has been taken 137 times
  • The average score is 339 of 476

Answer Stats

Lyrics% Correct
I
99%
a
97%
you.
96%
You
96%
you
96%
an
95%
the
95%
be
93%
my
93%
It
90%
it?
90%
it
90%
me
90%
no
90%
and
89%
And
89%
in
89%
I'm
86%
to
86%
is
85%
Is
85%
I's
85%
holding
84%
are
83%
when
83%
all
82%
Not
82%
of
80%
at
79%
for
79%
over
78%
onto
77%
that
77%
where
77%
we
76%
your
75%
take
74%
beat?
73%
beat
73%
back
72%
can't
72%
must
72%
taking
72%
body
71%
got
71%
left
71%
life
71%
with
71%
time
70%
Time
70%
control
68%
down
68%
have
68%
I'll
68%
know
68%
side
68%
surrounding
68%
lot
67%
out
67%
brain
66%
like
66%
mountain
66%
moment
65%
range
65%
eyes
64%
it's
64%
right?
64%
stop
64%
was
64%
about
63%
door
63%
our
63%
think
63%
this
63%
This
63%
were
63%
both
62%
lost
62%
T's
62%
Twisting
62%
anymore
61%
bet
61%
goin'
61%
night
61%
seems
61%
surroundings
61%
you're
61%
gonna
60%
should
60%
SWAT
60%
thought
60%
trust
60%
flesh
58%
kaleidoscope
58%
more
58%
nothin'
58%
soul
58%
behind
57%
feet
57%
Lyrics
57%
open
57%
rock
57%
Tie
57%
tie
57%
Before
55%
before
55%
forgot
55%
Lean
55%
move
55%
shotty
55%
undotted
55%
ain't
54%
entertain
54%
Entertain
54%
faith
54%
gifted
54%
happens
54%
mean
54%
tell
54%
uncrossed
54%
around
53%
exactly
53%
looks
53%
mind
53%
noose
53%
now
53%
really
53%
nice
52%
sea
52%
Sounding
51%
tree
51%
belong
50%
Fight
50%
fought
50%
make
50%
must've
50%
obey
50%
twice
50%
still
49%
ignite
48%
leash
48%
loose
48%
next
48%
pain
48%
windowsill
48%
closed
47%
story
47%
Remember
46%
breathe
45%
hearts
45%
introspective
45%
news
45%
probably
45%
enough
43%
fine
43%
unfolds
43%
'Cause
41%
speakers
39%
show
38%
bump
37%
frozen
37%
slowin'
35%
write
34%

Score Distribution

Percentile by Number Answered

Percent of People with Each Score

Your Score History

You have not taken this quiz